000 02092cam a22004574i 4500
003 PE-LiUPU
005 20250731172939.0
008 150623s1998 miua rb 000 0 eng d
020 _a0802845010
035 _a(Sirsi) i9780802845016
040 _aPE-LiUPU
_bspa
_cPE-LiUPU
_erda
049 _aPRUA
082 0 4 _a226.6077
_bW74
_221
100 1 _aWitherington, Ben,
_eautor.
245 1 4 _aThe acts of the apostles :
_ba socio-rhetorical commentary /
_cBen Witherington.
264 1 _aMichigan :
_bWilliam B. Eerdmans Publishing Company,
_c1998.
300 _a874 páginas :
_bilustraciones mapas, gráfs ;
_c24 centímetros
336 _atext
_2rdacontent
337 _aunmediated
_2rdamedia
338 _avolume
_2rdacarrier
504 _aIncluye bibliografía.
505 0 _aThe Acts of the Apostles: An introduction -- Prologue and recapitulation -- The Rhetoric of replacement -- Pentecost: The medium, the message, and the manifestacions (Acts 2:1-47) -- The mighty work, the mighty word, the mighty ones (Acts 3:1-4:22) -- Prayer, possesions, persecution, and proclamation (Acts 4:23-8:3).- Philip on the Fringes of Judaismo (Acts 8:4-40) -- Saul as the salient Jewish convert (Acts 9:1-31) -- The petrine passages (Acts 9:32-11:18) -- The antioch Chronicles (Acts 11:19-15:35) -- Making a second effort-The second missionary Journey (Acts 15:36-18:23).
526 _aSEG42
526 _aSEG41
526 _aSEG40
526 _aSEG39
526 _aP94
526 _aP87
526 _aP86
526 _aP85
526 _aP77
526 _aP76
526 _aP35
630 0 4 _aBiblia.
_pN.T.
_pHechos
_vComentarios.
942 _2ddc
_cBOOK
949 _a226.6077 W74
_wDEWEY
_c1
_i44488
_lCCODEBUL1
_mBUL
_r0
_sY
_tBOOK
_u2015-6-24
_xTEOLOGIA
_PP35
_0COMPRA
_o.STAFF. Colección Teología
994 _aC0
_bPEPRU
596 _a1
999 _a226.6077 W74
_wDEWEY
_c21368
_i44488
_d21368
_f2021-11-9
_g5
_lCCODEBUL1
_mBUL
_p40.00
_q3
_r0
_sY
_tBOOK
_u2015-6-24
_xTEOLOGIA
_PP35
_0COMPRA
_o.STAFF. Colección Teología
980 _81
_gALBERTO SANCHEZ Responsable de Automatización